City Anagrams - Statistics

General Stats
  • This quiz has been taken 13 times
  • The average score is 15 of 36
Answer Stats
Hint Answer % Correct
Trinidad and ______ Tobago
82%
Where is the show Narcos set? Bogota
73%
Biggest capital city that starts with 'S' Seoul
73%
This city uses canals instead of roads Venice
73%
Coastal Scottish city; Crocodile ______ Dundee
64%
Capital of Bolivia La Paz
64%
Biggest city in Italy south of Rome Naples
64%
Organism Animal
55%
A malicious spell Curse
55%
Directed towards the center of something Inward
55%
Currency used in Gothenburg Krona
55%
"Sin City" Las Vegas
55%
Singular form of "lice" Louse
55%
Public square Plaza
55%
Ohio city; Lebron James' hometown Akron
45%
Biggest city in Australia's Northern Territory Darwin
45%
To identify an illness based on symptoms Diagnose
45%
City home to the Palm Islands Dubai
45%
Biggest island capital city in N. America not in the Caribbean Nassau
45%
Cargo, fighter, bomber, e.g.? Planes
45%
Iberian city famous for its port wine Porto
45%
Capital of Bolivia Sucre
45%
Namesake of a type of folder Manila
36%
Finns love these hot steamy rooms Saunas
36%
City about 10 miles north of Tijuana San Diego
27%
Group of soldiers Troop
27%
China's equivalent to Google Baidu
18%
Igneous rock often used in countertops Granite
18%
La capital de Yucatán Merida
18%
Dallas suburb Plano
18%
Retrieves; rescues (present tense) Salvages
18%
Closest major city to Gibraltar Tangier
18%
To express approval for something Admire
9%
Elf-like cryptid originating in Ecuador Duende
9%
To reveal a quality or feeling Evince
9%
"Prickly pear" in Spanish Nopal
9%
No matching quizzes found
Score Distribution
Percent of People with Each Score
Percentile by Number Answered
Your Score History
You have not taken this quiz